| 000 | 05485nam a22004457a 4500 | ||
|---|---|---|---|
| 005 | 2010022405425.0 | ||
| 010 | _aB-400037-057 | ||
| 020 |
_a9789350002155 _c250.00 |
||
| 035 | _aB-400037-057 | ||
| 037 | _bवाणी प्रकाशन/PUB | ||
| 082 | _aउ | ||
| 100 |
_aजैन, वीरेन्द्र _922946 |
||
| 245 |
_aतीन अतीतः _cवीरेन्द्र जैन _b(प्रतिदान,सुरेखा-पर्व, अनातीत) / |
||
| 260 |
_aनई दिल्ली _bवाणी प्रकाशन _c2010 |
||
| 270 |
_a4695, 21-ए, दरियागंज _bनई दिल्ली _e110002 |
||
| 300 |
_a167पृ _c22सेमी (सजिल्द) |
||
| 942 |
_2ddc _cHN _mजैनवी _hउ |
||
| 999 |
_c34312 _d34312 |
||